Исследование одновибраторов: методические указания к выполнению лабораторной работы по курсам "Схемотехника", "Электроника" для студентов III курса, обучающихся по направлениям 210100 "Электроника и наноэлектроника", 201000 "Биотехнические системы и технологии"
| Coauteur: | |
|---|---|
| Andere auteurs: | |
| Samenvatting: | Заглавие с титульного экрана Электронная версия печатной публикации Режим доступа: из корпоративной сети ТПУ |
| Taal: | Russisch |
| Gepubliceerd in: |
Томск, Изд-во ТПУ, 2012
|
| Onderwerpen: | |
| Online toegang: | http://www.lib.tpu.ru/fulltext2/m/2015/m121.pdf |
| Formaat: | MixedMaterials Elektronisch Boek |
| KOHA link: | https://koha.lib.tpu.ru/cgi-bin/koha/opac-detail.pl?biblionumber=187869 |
MARC
| LEADER | 00000nlm0a2200000 4500 | ||
|---|---|---|---|
| 001 | 187869 | ||
| 005 | 20231031174336.0 | ||
| 035 | |a (RuTPU)RU\TPU\book\203858 | ||
| 090 | |a 187869 | ||
| 100 | |a 20101123d2012 m y0rusy50 ca | ||
| 101 | 0 | |a rus | |
| 102 | |a RU | ||
| 105 | |a a j 001zy | ||
| 135 | |a drcn ---uucaa | ||
| 181 | 0 | |a i | |
| 182 | 0 | |a b | |
| 200 | 1 | |a Исследование одновибраторов |b Электронный ресурс |e методические указания к выполнению лабораторной работы по курсам "Схемотехника", "Электроника" для студентов III курса, обучающихся по направлениям 210100 "Электроника и наноэлектроника", 201000 "Биотехнические системы и технологии" |f Национальный исследовательский Томский политехнический университет (ТПУ) | |
| 203 | |a Текст |c электронный | ||
| 210 | |a Томск |c Изд-во ТПУ |d 2012 | ||
| 230 | |a 1 компьютерный файл (pdf; 598 KB) | ||
| 300 | |a Заглавие с титульного экрана | ||
| 300 | |a Электронная версия печатной публикации | ||
| 333 | |a Режим доступа: из корпоративной сети ТПУ | ||
| 337 | |a Adobe Reader | ||
| 610 | 1 | |a лабораторные работы | |
| 610 | 1 | |a учебные пособия | |
| 610 | 1 | |a труды учёных ТПУ | |
| 610 | 1 | |a электронный ресурс | |
| 610 | 1 | |a радиоэлектронная аппаратура | |
| 610 | 1 | |a импульсная техника | |
| 610 | 1 | |a одновибраторы | |
| 702 | 1 | |a Ярославцев |b Е. В. |c специалист в области электроники |c доцент Томского политехнического университета, кандидат технических наук |f 1949- |g Евгений Витальевич |2 stltpush |3 (RuTPU)RU\TPU\pers\25912 |4 220 | |
| 712 | 0 | 2 | |a Национальный исследовательский Томский политехнический университет (ТПУ) |b Институт неразрушающего контроля (ИНК) |b Кафедра промышленной и медицинской электроники (ПМЭ) |h 64 |2 stltpush |3 (RuTPU)RU\TPU\col\18719 |
| 801 | 2 | |a RU |b 63413507 |c 20160614 |g RCR | |
| 856 | 4 | |u http://www.lib.tpu.ru/fulltext2/m/2015/m121.pdf | |
| 942 | |c CF | ||